000 01172nam a22002657a 4500
005 20240530110556.0
008 160308s2013 ua g b 000 0dara d
017 _a21935
_bمصر . دار الكتب المصرية
020 _a9789773582906
040 _aEG-CaGPL
082 0 4 _221
_a658.11\
_bب ف
100 0 _aبلقاسم سلاطنية
245 1 2 _aالفعالية التنظيمية فى المؤسسة :
_bمدخل سوسيولوجى /
_cتاليف بلقاسم سلاطنية ، اسماء بن تركى ، نجاة قريشى ، سهام بن رحمون
250 _aط1
260 _aالقاهرة :
_bدار الفجر للنشر و التوزيع ،
_c2013 .
300 _a211 ص ؛
_c24 سم +
_eملاحق .
504 _aيشتمل على ارجاعات ببليوجرافية
650 0 4 _aالمؤسسات
_xتنظيم و ادارة
650 0 4 _aالاجتماع الادارى ، علم
700 0 _aسماء بن تركى
_eمؤلف مشارك
700 0 _aنجاة قريشى
_eمؤلف مشارك
700 0 _aسهام بن رحمون
_eمؤلف مشارك
942 _2ddc
_cBK
999 _c62575
_d62575